logo

Bir Sreshtho Munshi Abdur Rouf Library
Jhenaidah Cadet College

Politics and personalities in Pakistan, (Record no. 9449)

MARC details
000 -LEADER
fixed length control field 00667cam a2200253 4500
001 - CONTROL NUMBER
JCCL Control Number 9449
003 - CONTROL NUMBER IDENTIFIER
JCCL marc code BD-JhCC
005 - DATE AND TIME OF LATEST TRANSACTION
control field 20180314162528.0
008 - FIXED-LENGTH DATA ELEMENTS--GENERAL INFORMATION
fixed length control field 701027s1969 pk 000 0 eng
035 ## - SYSTEM CONTROL NUMBER
system control number (BD-JhCC)9449
040 ## - CATALOGING SOURCE
Original cataloging agency DLC
Transcribing agency DLC
Modifying agency DLC
-- BD-JhCC
041 ## - LANGUAGE CODE
Language code of Book eng
050 00 - LIBRARY OF CONGRESS CALL NUMBER
Classification number DS384
Item number .Q3 1969
082 00 - DEWEY DECIMAL CLASSIFICATION NUMBER
Classification number 320.9/549
Author mark and Year QAM 1969
100 0# - MAIN ENTRY--PERSONAL NAME
Personal name Qamarul Ahsan.
245 10 - TITLE STATEMENT
Title Politics and personalities in Pakistan,
Statement of responsibility, etc by Syed Qamarul Ahsan.
250 ## - EDITION STATEMENT
Edition statement [Rev. and enl. ed.]
260 ## - PUBLICATION, DISTRIBUTION, ETC. (IMPRINT)
Place of publication, distribution, etc Dacca,
Name of publisher, distributor, etc Mohiuddin
Date of publication, distribution, etc [1969]
300 ## - PHYSICAL DESCRIPTION
Pagination 211 p.
Dimensions 23 cm.
350 ## - PRICE (NR) (BK AM CF MU VM SE) [OBSOLETE]
Price 8.00
651 #0 - SUBJECT ADDED ENTRY--GEOGRAPHIC NAME
Geographic name Pakistan
General subdivision Politics and government.
942 ## - ADDED ENTRY ELEMENTS (KOHA)
Source of classification or shelving scheme Dewey Decimal Classification
Koha item type Books
Holdings
Source of classification or shelving scheme Damaged status Not for loan Home library Current library Shelving location Total Checkouts Full call number Barcode Date last seen Copy number Koha item type
Dewey Decimal Classification     JCC Rouf Library JCC Rouf Library General Stacks   320.9/549 QAM 1969 12164 03/14/2018 C - 1 Books

JCC Library | Contacts | JCC Home

Last Update on 23 September 2017
Copyright @ 2017-2020 JCC Rouf Library
Rouf Library, Jhenidah Cadet College (JCC), Bangladesh